000 00469nam a2200181Ia 4500
003 GCL
008 140319s9999 xx 000 0 eng d
040 _aGCL /
_cGCL
082 0 4 _a398.22
_bL P
100 1 _aLAFFORGUE, PIERRE
245 1 0 _aPETIT POUCET DEVIENDRA GRAND LE TRAVAIL DU CONTE /
_cLAFFORGUE, PIERRE
260 _a[S.N] :
_bMOLLAT ،
_c1995
300 _a271 P
650 0 4 _aFOLKLORE
650 0 4 _aMYTHOLOGY
650 0 4 _aFAIRY TALES
942 _2ddc
_cBK
999 _c16242
_d16242